000 00618nam a2200241 a 4500
001 nice12345678
003 IN_TiNIC
005 20260116011259.0
008 050524s1966 haga grp 000 0 eng
020 _a
_c0
082 0 0 _a951
_bCHU
100 _aChu, Wen-Djang
245 _aMoslem Rebellion in Northwest China 1862-1878, Study of Govt.Minority P
260 _aHague
_bMouton Publisher
_c1966
300 _a232p
500 _aincludes index and biblioraphy
505 2 _aIndex, Bibliography
650 _aChina-History
700 1 _aChu, Wen-Djang
902 _bSRS
942 _cBK
999 _c141
_d141